000 nam a22 a 4500
999 _c401403
_d401403
003 BLK
005 20210329124742.0
008 210321b bu |||||r|||| 00| | bu d
040 _aBLK
041 _aBUL
_cBUL
080 _aИкономически науки в цялост. Политическа икономия. Вж и 338 ; 65
_b330
_x(075.9)
_z330(075.9)
100 _9321402
_aБогданов, Александър Александрович
_eпърви автор
139 _aБогданов, Александър Александрович и др.
245 _aКратък курс по економическата наука
_bС предг. Социалистическото направление в политическата економия
_cАлександър Александрович Богданов, Димитър Благоев.
260 _9435244
_aВарна
_bСтефан Георгиев и сие
_c1898
300 _a292 с.
_c20 см
380 _a3
490 _9206592
_aПопулярно-научная библиотека
_v№1
700 _9401063
_aДимитров, Димитър Благоев
_eпредг.
700 _9966
_aБакалов, Георги Иванов
_eпрев.
852 _aЦб Рб 898
942 _cKNG
_n0
_s1
944 _aCR
_c2021-03-21
_kА.М.
999 _d401403
999 _d401403
999 _d401403
999 _d401403
999 _d401403
999 _d401403
999 _d401403